Proceedings of the Fifth Canadian Mathematical Congress : University of Montreal, 1961 /

Guardado en:
Autor Corporativo: Canadian Mathematical Congress Montreal)
Otros Autores: Rosenthall, E. M. (Editor )
Formato: Libro
Idioma:Multiple
Publicado: Toronto : University of Toronto Press, 1963.
Etiquetas: Agregar Etiqueta
Sin Etiquetas, Sea el primero en etiquetar este registro!
LEADER 00811nam a22001695a 4500
001 MAT.inmabb001341
008 031211s1963####xxc###########100#0#mul#d
005 20170815120558.0
245 1 0 |a Proceedings of the Fifth Canadian Mathematical Congress :  |b University of Montreal, 1961 /  |c edited by E. M. Rosenthall = Comptes rendus du Cinquième Congrès Canadien de Mathématiques : Université de Montréal, 1961 / edité par E. M. Rosenthall. 
260 |a Toronto :  |b University of Toronto Press,  |c 1963. 
300 |a x, 220 p. ;  |c 22 cm. 
510 4 |a MR,  |c 28 #1075 
111 2 |a Canadian Mathematical Congress  |n (5º :  |d 1961 :  |c Montreal) 
700 1 |a Rosenthall, E. M.  |4 edt 
246 3 1 |a Comptes rendus du Cinquième Congrès Canadien de Mathématiques 
084 |a 00B20  |2 msc2000 
859 |h 00B20  |i P963-5  |p A-1589  |b BIB. MATEMATICA